000 00656nam a2200241Ia 4500
003 OSt
005 20221007104652.0
006 a|||||r|||| 00| 0
007 ta
008 221006b |||||||| |||| 00| 0 eng d
024 _a16,502
037 _cTextual
040 _aLCO
_cLCO
_beng
041 _2eng
_aeng
082 _aZ3,5t, K4
100 _aH. M .S. O
_9702719
245 0 _aReport of Departmental Committee on Legal Aid in Criminal Proceedings
260 _aLondon
_bH. M . S. O. UK
_c1964
300 _a110
650 _aCRIMINAL PROCEEDINGS
_9706232
942 _hZ3,5t, K4
_cTEXL
999 _c1186065
_d1186065